Social work intervention with speech and hearing impaired / (Record no. 140630)

MARC details
000 -LEADER
fixed length control field 00645nam a22001937a 4500
005 - DATE AND TIME OF LATEST TRANSACTION
control field 20170531153934.0
010 ## - LCCN (DPL NO)
LC control number ENG-118491
020 ## - INTERNATIONAL STANDARD BOOK NUMBER
International Standard Book Number 9788190892384
Terms of availability 600.00
035 ## - SYSTEM CONTROL NUMBER
System control number EN-102023
037 ## - SOURCE OF ACQUISITION
Source of stock number/acquisition DBAD/PUB
082 ## - DEWEY DECIMAL CLASSIFICATION NUMBER
Classification number 362.420954558
100 ## - MAIN ENTRY--PERSONAL NAME
Personal name Sharanjeet Kaur
245 ## - TITLE STATEMENT
Title Social work intervention with speech and hearing impaired /
Statement of responsibility, etc by Sharanjeet Kaur
260 ## - PUBLICATION, DISTRIBUTION, ETC. (IMPRINT)
Place of publication, distribution, etc New Delhi
Name of publisher, distributor, etc AlterNotes Press
Date of publication, distribution, etc 2016
270 ## - ADDRESS
Address 161/55, Hasrat Mohani Lane, Ghafoor Nagar Road Jamia Nagar,
City New Delhi
Postal code 110025
300 ## - PHYSICAL DESCRIPTION
Extent xiii,146p
Dimensions 22cm.(Hb)
500 ## - GENERAL NOTE
General note Includes references
942 ## - ADDED ENTRY ELEMENTS (KOHA)
Source of classification or shelving scheme Dewey Decimal Classification
Item type English Books
Classification part 362.420954558
Call number suffix SHA
Holdings
Withdrawn status Lost status Not for loan Collection code Home library Current library Date acquired Source of acquisition Cost, normal purchase price Full call number Barcode Copy number Cost, replacement price Koha item type
      Non-fiction Patel Nagar Patel Nagar 31/05/2017 DBAD/PUB. 600.00 362.420954558 KAU EN-102023 1 600.00 English Books

© Delhi Public Library
Hit Counter
free hit counter